[Event "Madrid"]
[Site "Madrid"]
[Date "1973.??.??"]
[Round "9"]
[White "Furman, Semen Abramovich"]
[Black "Garcia Martinez, Silvino"]
[Result "1-0"]
[WhiteElo "2540"]
[BlackElo "2450"]

1.Nf3 Nf6 2.c4 g6 3.Nc3 Bg7 4.e4 d6 5.d4 O-O 6.Be2 e5 7.O-O Nbd7 8.Re1 c6
9.Bf1 Re8 10.d5 c5 11.a3 a5 12.Rb1 Ng4 13.Bg5 f6 14.Bh4 g5 15.Bg3 Nf8 16.Nd2 Ng6
17.Bd3 Nf4 18.Nf1 f5 19.Bc2 fxe4 20.Nxe4 Rf8 21.Ne3 Nh6 22.Nc3 b6 23.Be4 Ra7
24.Qc2 Bf6 25.b4 axb4 26.axb4 Raf7 27.bxc5 bxc5 28.Rb8 Qa5 29.Rb5 Qa3 30.Rb3 Qa5
31.Reb1 Be7 32.Qd1 Nf5 33.Nxf5 Bxf5 34.Bxf5 Rxf5 35.Ra1 Qd8 36.Ne4 h5 37.Bxf4 gxf4
38.Ra7 f3 39.Rbb7 R5f7 40.Qc1 Kh8  1-0

[Event "Madrid"]
[Site "Madrid"]
[Date "1973.??.??"]
[Round "10"]
[White "Garcia Martinez, Silvino"]
[Black "Kaplan, Julio P"]
[Result "1/2-1/2"]
[WhiteElo "2450"]
[BlackElo "2455"]

1.c4 g6 2.Nf3 Bg7 3.d4 Nf6 4.Nc3 O-O 5.e4 d6 6.Be2 e5 7.O-O c6 8.Rb1 exd4
9.Nxd4 Re8 10.f3 d5 11.exd5 cxd5 12.Bg5 Nc6 13.Nxc6 bxc6 14.cxd5 cxd5 15.Bb5 Qb6+
16.Kh1 Rd8 17.Bxf6 Qxf6 18.Nxd5 Qd6 19.Nc3 Bf5 20.Qxd6 Rxd6 21.Rbd1 Rb6 22.a4 Bxc3
23.bxc3 Rc8 24.Rc1  1/2-1/2

[Event "ARG-ch"]
[Site "Santa Fe"]
[Date "1973.??.??"]
[Round "10"]
[White "Bazan, Osvaldo"]
[Black "Rossetto, Hector"]
[Result "0-1"]
[WhiteElo "2200"]
[BlackElo "2435"]

1.c4 Nf6 2.Nc3 g6 3.e4 d6 4.d4 Bg7 5.Be2 O-O 6.Nf3 e5 7.d5 Nbd7 8.Bg5 h6
9.Bh4 a5 10.Nd2 Nc5 11.O-O g5 12.Bg3 Ne8 13.f3 b6 14.Bf2 f5 15.a3 f4 16.b4 Nd7
17.Na4 axb4 18.axb4 Rf7 19.c5 bxc5 20.bxc5 Bf8 21.c6 Ndf6 22.Nc3 Rb8 23.Ba7 Ra8
24.Qb3 g4 25.Bf2 Rxa1 26.Rxa1 g3 27.Be1 gxh2+ 28.Kxh2 Rg7 29.Ra8 Nh5 30.Qb8 Qg5
31.Bf1 Ng3 32.Qb4 Qh4+ 33.Kg1 Qh1+ 34.Kf2 Bh3  0-1

[Event "Irish Times Easter"]
[Site "Dublin"]
[Date "1974.04.13"]
[Round "5"]
[White "McGrillen, Hugh"]
[Black "Littleton, Michael Flannan"]
[Result "1-0"]
[WhiteElo "2260"]
[BlackElo "2295"]

1.d4 Nf6 2.c4 g6 3.Nc3 Bg7 4.e4 d6 5.Be2 O-O 6.Nf3 e5 7.Be3 Nc6 8.d5 Ne7
9.Nd2 Nd7 10.b4 f5 11.f3 Nf6 12.c5 f4 13.Bf2 g5 14.Rc1 Ne8 15.cxd6 cxd6 16.Nb5 a6
17.Nc3 Bd7 18.Nc4 Nc8 19.a4 h5 20.a5 Rf6 21.Na4 Bxa4 22.Qxa4 Rg6 23.Nb6 Nxb6
24.Bxb6 Qe7 25.Kd2 g4 26.Rc4 Bh6 27.Kc1 gxf3 28.Bxf3 Qh4 29.Kb1 Nf6 30.Qc2 Bf8
31.Rc8 Rxc8 32.Qxc8 Ng4 33.Bd8  1-0

[Event "Irish Times Easter"]
[Site "Dublin"]
[Date "1974.04.14"]
[Round "6"]
[White "Littleton, Michael Flannan"]
[Black "Jamieson, Peter Michael"]
[Result "1-0"]
[WhiteElo "2295"]
[BlackElo "2270"]

1.d4 g6 2.c4 Bg7 3.Nc3 d6 4.e4 Nd7 5.Nf3 e5 6.Be2 Ngf6 7.O-O O-O 8.Re1 c6
9.Bf1 Re8 10.d5 c5 11.a3 Rf8 12.Bg5 h6 13.Bh4 g5 14.Bg3 Nh5 15.Nxe5 Nxg3
16.Nxd7 Bxd7 17.hxg3 Bd4 18.Bd3 Qf6 19.Qd2 Rae8 20.Rab1 Re5 21.Rf1 Re7 22.Ne2 Bg4
23.Nxd4 Qxd4 24.Qc3 Qxc3 25.bxc3 f5 26.exf5 Bxf5 27.Bxf5 Rxf5 28.Rfe1 Rff7
29.Kf1 Rd7 30.Re8+ Kg7 31.Rbe1 Kh7 32.R1e6 Kg7 33.Ke2 Kh7 34.Ke3 Kg7 35.g4 Kh7
36.g3 Kg7 37.f4 Kh7 38.Ke4 Kg7 39.Kf3 Kh7 40.Ke4 Kg7 41.f5 Kh7 42.Ke3 Kg7
43.Rg6+ Kh7 44.Ree6  1-0

[Event "IBM"]
[Site "Amsterdam"]
[Date "1974.??.??"]
[Round "10"]
[White "Sosonko, Gennadi"]
[Black "Kaplan, Julio P"]
[Result "1/2-1/2"]
[WhiteElo "2450"]
[BlackElo "2460"]

1.d4 Nf6 2.Nf3 g6 3.c4 Bg7 4.Nc3 O-O 5.e4 d6 6.Be2 e5 7.O-O exd4 8.Nxd4 Re8
9.f3 c6 10.Kh1 d5 11.cxd5 cxd5 12.Bg5 Nc6 13.exd5 Nxd4 14.Qxd4 Nxd5 15.Qxd5  1/2-1/2

[Event "IBM"]
[Site "Amsterdam"]
[Date "1974.??.??"]
[Round "14"]
[White "Langeweg, Kick"]
[Black "Kaplan, Julio P"]
[Result "1-0"]
[WhiteElo "2390"]
[BlackElo "2460"]

1.c4 g6 2.d4 Bg7 3.e4 d6 4.Nc3 Nf6 5.Be2 O-O 6.Nf3 e5 7.O-O exd4 8.Nxd4 Re8
9.f3 c6 10.Nc2 d5 11.cxd5 cxd5 12.exd5 Qb6+ 13.Kh1 Bf5 14.Bc4 Na6 15.g4 Rac8
16.Bb3 Bd7 17.Re1 Qf2 18.Be3 Qh4 19.Qd2 h5 20.g5 Nh7 21.Ne4 Rxe4 22.fxe4 Bxb2
23.Bd4 Bxa1 24.Bxa1 Qxg5 25.Qd4 f6 26.e5 Nc5 27.exf6 Nxf6 28.Ne3 Nce4 29.d6+ Kh7
30.Nd5 Re8 31.Rxe4 Qc1+ 32.Bd1 Bc6 33.Nxf6+ Kh6 34.Nxe8 Bxe4+ 35.Qxe4 Qxd1+
36.Kg2 Qxa1 37.Qe3+ Kh7 38.Qe7+ Kh6 39.Qe2 Qc3 40.Kf1 Qc1+ 41.Kg2 Qg5+ 42.Kf3 Qf5+
43.Ke3 Qe5+ 44.Kd2 Qa5+ 45.Kc1 Qa3+ 46.Kd1 Qa4+ 47.Ke1 Qh4+ 48.Kf1 Qf4+ 49.Kg2 Qg5+
50.Kf2 Qf4+ 51.Qf3 Qxh2+ 52.Ke3 Qe5+ 53.Qe4 Qc3+ 54.Kf4 h4 55.Qe3 g5+ 56.Ke4 Qc8
57.Kd4 h3 58.Qe5 Qg4+ 59.Kd5 Qg2+ 60.Ke6 h2 61.Qg7+ Kh5 62.Nf6+ Kh4 63.Qh6+ Kg3
64.Qxg5+ Kf3 65.Qh5+ Kg3 66.Qg4+ Kf2 67.Ne4+ Kg1 68.Qd1+ Qf1 69.Qd4+ Kg2
70.Qg7+  1-0

[Event "Arrecife de Lanzarote"]
[Site "Arrecife de Lanzarote"]
[Date "1974.??.??"]
[Round "11"]
[White "Enklaar, Bertus F"]
[Black "Zuckerman, Bernard"]
[Result "1/2-1/2"]
[WhiteElo "2445"]
[BlackElo "2455"]

1.c4 g6 2.e4 Bg7 3.d4 d6 4.Nc3 Nf6 5.Nf3 O-O 6.Be3 e5 7.Be2 Qe7 8.d5 Ng4
9.Bg5 f6 10.Bh4 a5 11.Nd2 h5 12.a3 Bd7 13.Rb1 Nh6 14.f3 Nf7 15.b4 axb4 16.axb4 Bh6
17.Bf2 Na6 18.g4 hxg4 19.fxg4 f5 20.Rg1 fxe4 21.Ndxe4 Ng5 22.Qd3 Qf7 23.Rg3 Nb8
24.h4 Nxe4 25.Nxe4 Bf4 26.Rg2 Ra4 27.Bd1 Ra2 28.c5 Qe7 29.Bc2 Na6 30.Qc3 Bb5
31.g5 Kf7 32.h5 gxh5 33.g6+ Kg7 34.Qb3 Ra4 35.Qc3 Ra2 36.Qb3  1/2-1/2

[Event "Espergarde"]
[Site "Espergarde"]
[Date "1974.??.??"]
[Round "3"]
[White "Kleiminger, P."]
[Black "Andersen, Joh"]
[Result "0-1"]
[WhiteElo "2200"]
[BlackElo "2200"]

1.d4 Nf6 2.c4 g6 3.Nc3 Bg7 4.e4 d6 5.Nf3 O-O 6.Be2 e5 7.d5 Nbd7 8.O-O Nc5
9.Qc2 a5 10.h3 Nh5 11.Be3 Nf4 12.Rfd1 b6 13.a3 f5 14.Bxc5 bxc5 15.Bd3 Qf6
16.Nb5 Rf7 17.Nc3 Rb8 18.Nb5 Nxd3 19.Qxd3 fxe4 20.Qxe4 Bxh3 21.gxh3 Qxf3
22.Qxf3 Rxf3 23.Kg2 Rf7 24.a4 Rbf8 25.Rd2 Bf6 26.b3 Bh4 27.Raa2 e4 28.Re2 Re8
29.Na7  0-1

[Event "Espergarde"]
[Site "Espergarde"]
[Date "1974.??.??"]
[Round "5"]
[White "Telling, K."]
[Black "Andersen, Joh"]
[Result "0-1"]
[WhiteElo "2200"]
[BlackElo "2200"]

1.d4 Nf6 2.c4 g6 3.Nc3 Bg7 4.e4 d6 5.Be2 O-O 6.Nf3 e5 7.O-O Nbd7 8.Be3 c6
9.Qc2 Ng4 10.Bg5 f6 11.Bh4 h5 12.h3 Nh6 13.Rad1 Qe7 14.b4 Rd8 15.c5 dxc5
16.dxe5 cxb4 17.exf6 Bxf6 18.Bxf6 Nxf6 19.Rxd8+ Qxd8 20.Qb3+ Kg7 21.Qxb4 Qf8
22.Qb2 Qe7 23.Rd1 Nf7 24.a4 Kf8 25.Bc4 Ne5 26.Nxe5 Qxe5 27.Rd8+ Kg7 28.Qa3 Nd7
29.Kh1 Qf6 30.Rg8+ Kh7 31.f4 Nb6 32.Ba2 Be6 33.e5 Qxf4 34.Qe7+ Kxg8 35.Bxe6+ Kh8
36.Qf6+ Qxf6 37.exf6 Rf8 38.f7 Kg7 39.a5 Nd5 40.Nxd5 cxd5 41.Bxd5 Rxf7 42.Bxf7 Kxf7  0-1

[Event "DSV-Turnier"]
[Site "Halle"]
[Date "1974.??.??"]
[Round "?"]
[White "Malich, Burkhard"]
[Black "Vogt, Lothar"]
[Result "1/2-1/2"]
[WhiteElo "2515"]
[BlackElo "2430"]

1.Nf3 Nf6 2.c4 g6 3.Nc3 Bg7 4.e4 d6 5.d4 O-O 6.Be2 e5 7.d5 a5 8.O-O Na6 9.Re1 Nc5
10.Bf1 c6 11.Nd2 Bh6 12.Nb3 Bxc1 13.Nxc1 cxd5 14.cxd5 Bd7 15.Nb3 Qb6 16.Nxc5 Qxc5
17.Rc1 Rfc8 18.Qd2 Qd4 19.Rcd1  1/2-1/2

[Event "DSV-Turnier"]
[Site "Halle"]
[Date "1974.??.??"]
[Round "?"]
[White "Vogt, Lothar"]
[Black "Boensch, Uwe"]
[Result "1/2-1/2"]
[WhiteElo "2430"]
[BlackElo "2360"]

1.d4 Nf6 2.c4 g6 3.Nc3 Bg7 4.e4 d6 5.Nf3 O-O 6.Be2 e5 7.O-O Nbd7 8.Re1 c6
9.Bf1 Re8 10.d5 c5 11.Bd2 Nb8 12.h3 Na6 13.a3 h6 14.g3 Rf8 15.Nh2 Kh7 16.Bg2 Qe7
17.g4 Ng8 18.f4 exf4 19.Bxf4 Bd4+ 20.Kh1 f6 21.Nf3 Bxc3 22.bxc3 Nb8 23.Bg3 Nd7
24.Rf1 Ne5 25.Nxe5 fxe5 26.Rxf8 Qxf8 27.Qb3 Qe8 28.a4 Rb8 29.Qb5 Qd8 30.Rf1 Kg7
31.a5 Qc7 32.Qb2 g5 33.Be1 Qe7 34.Qf2 Bd7 35.Qg3 Rf8 36.Rxf8 Kxf8 37.Qf2+ Kg7
38.Qb2 Be8 39.Kg1 Nf6 40.Kf2 Nh7 41.Ke3 Nf8 42.Bf3 Ng6 43.Bg3 Kf8 44.Kd3 Qc7
45.Bd1 Kg7 46.Qb3 Kf6 47.Qb2 Nf4+ 48.Bxf4 exf4 49.Qb3 Ke5 50.Bf3 Qh7 51.Qd1 Bg6
52.Qe2 Qd7 53.Qd1 Qc7 54.Qa4 Qh7 55.Kd2 a6 56.Qd1 Qd7 57.Qb1 Qc7 58.Kd3 Qd7
59.Kd2 Qc7 60.Kd3 Qh7 61.Kd2 Be8 62.Qb6 Qd7 63.Qa7 Qc8 64.Qb6 Bd7 65.Kd3 h5
66.Qb1 Kf6 67.Qb6 Ke5 68.Qb1 Be8 69.Qh1 h4 70.Qb1 Qc7 71.Qb3 Kf6 72.Qb1 Ke7
73.e5  1/2-1/2

[Event "DSV-Turnier"]
[Site "Halle"]
[Date "1974.??.??"]
[Round "?"]
[White "Malich, Burkhard"]
[Black "Moehring, Guenther"]
[Result "1-0"]
[WhiteElo "2515"]
[BlackElo "2450"]

1.d4 Nf6 2.Nf3 g6 3.c4 Bg7 4.Nc3 O-O 5.e4 d6 6.Be2 e5 7.O-O Nbd7 8.Re1 c6
9.Bf1 a5 10.Rb1 Re8 11.d5 Nc5 12.b3 Qc7 13.Bg5 h6 14.Bd2 Bd7 15.a3 cxd5 16.cxd5 Rec8
17.a4 Qd8 18.g3 Qf8 19.Nh4 h5 20.Ng2 Bh6 21.f3 Bxd2 22.Qxd2 Bh3 23.Ne3 Bxf1
24.Rxf1 Qe7 25.h4 Ne8 26.Nb5 Nc7 27.Na3 Rcb8 28.Nec4 b6 29.Rfe1 Rb7 30.Re2 Rd8
31.Kg2 Kh7 32.b4 Nxa4 33.bxa5 b5 34.a6 Nxa6 35.Na5 b4 36.Nxb7 Qxb7 37.Nc2 Rc8
38.Re3 Rc4 39.Reb3 Qc8 40.Ne3 Rd4 41.Rd3 Qc3 42.Rd1 Rxd3 43.Qxd3 Qxd3 44.Rxd3 N6c5
45.Rd1 b3 46.Nc4 f5 47.exf5 gxf5 48.Nxd6 Nc3 49.Rd2 Kg6 50.Nc4 e4 51.d6 Nd7
52.Rb2 exf3+ 53.Kxf3 Nc5 54.Rd2 N3e4 55.Rd5 Nd7 56.Kf4 Nec5 57.Ke3 Kf6 58.Kd4 Ne6+
59.Kc3 Nec5 60.Kd4 Ne6+ 61.Ke3 Nec5 62.Rd1 Ke6 63.Kd4 Ne4 64.Re1 Nb8 65.Rb1 Nc6+
66.Ke3 Nc5 67.Rd1 Nd7 68.Kf4 Kf6 69.Rd5 Ke6 70.Rxf5 Nde5 71.Nb2 Kxd6 72.Ke4 Ng4
73.Rb5 Nf6+ 74.Kd3 Ne5+ 75.Ke2 Nc6 76.Nc4+ Ke6 77.Kd3 Ne7 78.Rb6+ Kf5 79.Ne3+ Ke5
80.Rxb3 Ke6 81.Rb6+ Ke5 82.Rb5+ Ke6 83.Ng2 Kd6 84.Nf4 Nc6 85.Nxh5  1-0

[Event "FRG-ch"]
[Site "Menden"]
[Date "1974.??.??"]
[Round "?"]
[White "Weise, Dietrich"]
[Black "Scheipl, Ralf"]
[Result "0-1"]
[WhiteElo "2200"]
[BlackElo "2200"]

1.d4 g6 2.c4 Bg7 3.Nc3 Nf6 4.e4 d6 5.Be2 O-O 6.Nf3 e5 7.O-O Nbd7 8.Re1 h6
9.Rb1 exd4 10.Nxd4 Nc5 11.f3 Nh5 12.Be3 Qh4 13.Bf1 Be5 14.g3 Nxg3 15.hxg3 Qxg3+
16.Bg2 Bh3 17.Qd2 Nd3 18.Kf1 Nxe1 19.Rxe1 c5 20.Ndb5 Qxf3+ 21.Kg1 Qg3 22.Re2 f5
23.Bf4 Bxf4 24.Qd5+ Kh8 25.exf5 Rxf5 26.Qxb7 Qh2+ 27.Kf1 Be3+ 28.Ke1 Qg1+
29.Bf1 Qxf1+  0-1

[Event "FRG-ch"]
[Site "Menden"]
[Date "1974.??.??"]
[Round "?"]
[White "Schmidt, Bodo"]
[Black "Striebich, Rudolf"]
[Result "1/2-1/2"]
[WhiteElo "2200"]
[BlackElo "2200"]

1.d4 Nf6 2.Nf3 d6 3.c4 g6 4.Nc3 Bg7 5.e4 O-O 6.Be2 e5 7.Be3 Nbd7 8.d5 a5
9.Nd2 Nc5 10.g4 Nxg4 11.Bxc5 Qh4 12.Nf3 Qh6 13.Be3 Nxe3 14.fxe3 f5 15.Kd2 fxe4
16.Nxe4 Bf5 17.Nfg5 Qh4 18.Qe1 Qxe1+ 19.Rhxe1 h6 20.Ne6 Bxe4 21.Nxf8 Rxf8
22.Rf1 Bf5 23.Rg1 h5 24.Raf1 e4 25.Rf2 Kh7 26.Bf1 Kh6 27.Bg2 Ra8 28.Rgf1 Re8
29.Kc2 Kg5 30.Rg1 Kh6 31.Bf1 b6 32.Be2 Bf6 33.Bd1 Bg5 34.Kd2 Re7 35.Rfg2 Bf6
36.Kc2 Rg7 37.Kc1 Bh4 38.Bc2 Bh3 39.Re2 Bf5 40.Bd1 Bg5 41.a3  1/2-1/2

[Event "FRG-ch"]
[Site "Menden"]
[Date "1974.??.??"]
[Round "?"]
[White "Kuehler, Wolfgang"]
[Black "Mubedi, Mir Dhjan"]
[Result "1/2-1/2"]
[WhiteElo "2200"]
[BlackElo "2200"]

1.d4 Nf6 2.Nf3 g6 3.c4 Bg7 4.Nc3 O-O 5.e4 d6 6.Be2 e5 7.d5 Nbd7 8.Bg5 h6
9.Bh4 g5 10.Bg3 Nh5 11.h4 Nf4 12.hxg5 hxg5 13.Kd2 c6 14.Qg1 Qf6 15.Qh2 Re8
16.Bxf4 exf4 17.Qh7+ Kf8 18.Qh5 g4 19.Ng5 Ke7 20.Nh7 Qd4+ 21.Kc2 Qe5 22.Bxg4 Rh8
23.Qg5+ Qxg5 24.Nxg5 Bxc3 25.Kxc3 Rg8 26.Bxd7 Bxd7 27.Nh3 Rxg2 28.Nxf4 Rg4
29.Nd3 Rxe4 30.Rae1 cxd5 31.Rxe4+ dxe4 32.Re1 Be6 33.Rxe4 Rc8 34.Nf4 b5 35.Nxe6 fxe6
36.Rh4 d5 37.b3 a5 38.Kd3 bxc4+ 39.bxc4 dxc4+ 40.Rxc4 Rf8  1/2-1/2

[Event "Nice olm prel"]
[Site "Nice"]
[Date "1974.??.??"]
[Round "1"]
[White "Onat, Ilhan"]
[Black "Hook, William"]
[Result "0-1"]
[WhiteElo "2335"]
[BlackElo "2200"]

1.d4 Nf6 2.c4 g6 3.Nc3 Bg7 4.e4 d6 5.Be2 O-O 6.Nf3 e5 7.Be3 Nc6 8.d5 Ne7
9.Nd2 Nd7 10.O-O f5 11.f3 f4 12.Bf2 g5 13.b4 Ng6 14.c5 Nf6 15.cxd6 cxd6 16.Nc4 Ne8
17.Nb5 a6 18.Nb6 Rb8 19.Na7 Bd7 20.Nxd7 Qxd7 21.b5 axb5 22.Bxb5 Qf7 23.Bb6 Bf6
24.a4 Bd8 25.a5 Nf6 26.Qe2 Nd7 27.Bxd7 Qxd7 28.Qb5 Qg7 29.Rab1 Rf7 30.Qe8+ Qf8
31.Qe6 Qe7 32.a6 bxa6 33.Bf2 Rxb1 34.Rxb1 Nf8 35.Qc8 Qd7 36.Qxa6 Kg7  0-1

[Event "Nice olm fin-A"]
[Site "Nice"]
[Date "1974.??.??"]
[Round "1"]
[White "Toran Albero, Roman"]
[Black "Naranja, Renato"]
[Result "1-0"]
[WhiteElo "2420"]
[BlackElo "2395"]

1.Nf3 Nf6 2.c4 g6 3.Nc3 Bg7 4.e4 d6 5.d4 O-O 6.Be2 Nbd7 7.O-O e5 8.Re1 h6
9.Bf1 Kh7 10.g3 exd4 11.Nxd4 Ne5 12.h3 Bd7 13.f4 Nc6 14.Be3 a6 15.Bg2 Rb8
16.Rc1 Re8 17.Qd2 Re7 18.Bf2 Qe8 19.Nc2 Rd8 20.Ne3 Be6 21.g4 Qf8 22.Bh4 Rde8
23.Bxf6 Bxf6 24.Ncd5 Bxd5 25.Nxd5 Bh4 26.Re2 Qg7 27.Nxe7 Rxe7 28.Rd1 Bf6
29.b3 Nd4 30.Rf2 c5 31.g5 hxg5 32.e5 gxf4 33.exf6 Qxf6 34.Rdf1 Qg5 35.Qxf4 Qxf4
36.Rxf4 Ne2+ 37.Kh2 Nxf4 38.Rxf4 Kg7 39.Re4 Rxe4 40.Bxe4 b6 41.Kg3 f5 42.Bb7 a5
43.Kf4 Kf6 44.h4  1-0

[Event "Nice olm prel"]
[Site "Nice"]
[Date "1974.??.??"]
[Round "2"]
[White "Toran Albero, Roman"]
[Black "Gonda, Gentaro"]
[Result "1-0"]
[WhiteElo "2420"]
[BlackElo "2200"]

1.Nf3 Nf6 2.c4 g6 3.Nc3 Bg7 4.e4 d6 5.d4 O-O 6.Be2 e5 7.Be3 Nc6 8.d5 Ne7
9.Nd2 Ne8 10.b4 f5 11.f3 f4 12.Bf2 Nf6 13.c5 g5 14.Nc4 a6 15.cxd6 cxd6 16.Bb6 Qd7
17.Qa4 Qxa4 18.Nxa4 Bd7 19.Nab2 Nc8 20.Kd2 g4 21.Rac1 h5 22.Bf2 Bh6 23.Bd3 Ne8
24.Nb6 Nxb6 25.Bxb6 Bg5 26.Nc4 Bb5 27.Na5 Bxd3 28.Kxd3 Rf7 29.Rc2 Bd8 30.Nc4 Bxb6
31.Nxb6 Rd8 32.Rhc1 Kg7 33.Rc8 Rxc8 34.Rxc8 Nc7 35.a4 Re7 36.Rd8 Ne8 37.Nc8  1-0

[Event "Nice olm fin-B"]
[Site "Nice"]
[Date "1974.??.??"]
[Round "2"]
[White "Adamski, Jan"]
[Black "Toth, Bela"]
[Result "1/2-1/2"]
[WhiteElo "2405"]
[BlackElo "2385"]

1.c4 Nf6 2.Nc3 d6 3.d4 g6 4.e4 Bg7 5.Be2 O-O 6.Nf3 e5 7.Be3 Nbd7 8.O-O Ng4
9.Bg5 f6 10.Bh4 Nh6 11.dxe5 dxe5 12.b4 Kh8 13.Nd2 c6 14.a3 Qe7 15.Qc2 Rd8
16.Rfd1 Nf8 17.Nb3 Be6 18.f3 Bg8 19.Bf2 Ne6 20.Rxd8 Qxd8 21.Rd1 Qc7 22.Bf1 Nf7
23.c5 Rd8 24.Bc4 Nf4 25.Ne2 Nxe2+ 26.Qxe2 Bh6 27.h4 Rxd1+ 28.Qxd1 Qd8 29.Qxd8 Nxd8
30.Na5 Bc1 31.Bxg8 Kxg8 32.Nc4 Kf7 33.Kf1 Ke6 34.Ke2 Kd7 35.g3 Bh6 36.Kd3 Bf8
37.Be3 Ke8 38.Bd2 Be7 39.Be3 Kd7 40.Bd2 Nf7 41.Be3 Bd8 42.Ke2 f5 43.Bf2 h5
44.Nb2 Ke6 45.Nc4 Bc7 46.Be1 Nh6 47.Bd2 Nf7 48.Be1 Bd8 49.Bf2 Bc7 50.Be1  1/2-1/2

[Event "Nice olm fin-A"]
[Site "Nice"]
[Date "1974.??.??"]
[Round "3"]
[White "Naranja, Renato"]
[Black "Planinc, Albin"]
[Result "1/2-1/2"]
[WhiteElo "2395"]
[BlackElo "2545"]

1.c4 g6 2.d4 Nf6 3.Nf3 Bg7 4.Nc3 O-O 5.e4 d6 6.Be2 e5 7.Be3 Nbd7 8.d5 Ng4
9.Bg5 f6 10.Bh4 h5 11.h3 Nh6 12.g4 hxg4 13.hxg4 g5 14.Bg3 Nxg4 15.Nh2 Nxh2
16.Rxh2 f5 17.exf5 Nf6 18.Qd2 Bxf5 19.Qxg5 Ng4 20.Rh5 Qxg5 21.Rxg5 Nh6 22.Kd2 Rf6
23.Rg1 Rf7 24.Bh4 Kf8 25.Ke1 Bf6 26.Rh5 Ng8 27.Rxf5 Bxh4 28.Rxf7+ Kxf7 29.Bh5+ Kf8
30.Bg4 Nf6 31.Be6 Re8 32.Ke2 a5 33.Nd1 Nh5 34.Kf3 Nf4 35.Rg8+ Ke7 36.Rg7+ Kf6
37.Rf7+ Kg5 38.Nc3 Nxe6 39.dxe6 Rxe6 40.Ne4+ Kg6 41.Rxc7 Re7 42.Rxe7 Bxe7
43.Kg4 Bf8 44.a4 Be7 45.b3 Bf8 46.f3 Be7 47.f4 exf4 48.Kxf4 Bf8 49.c5 d5
50.Nc3 Kf6 51.Nxd5+ Ke6 52.Ke4 Bxc5  1/2-1/2

[Event "Nice olm prel"]
[Site "Nice"]
[Date "1974.??.??"]
[Round "3"]
[White "Loheac Amoun, Frank"]
[Black "Partos, Charles"]
[Result "0-1"]
[WhiteElo "2200"]
[BlackElo "2410"]

1.d4 Nf6 2.c4 d6 3.Nc3 e5 4.Nf3 Nbd7 5.e4 g6 6.Be2 Bg7 7.O-O O-O 8.Be3 Ng4
9.Bg5 f6 10.Bh4 Nh6 11.Qc2 g5 12.Bg3 g4 13.Nh4 exd4 14.Nd5 Ne5 15.f4 gxf3
16.Nxf3 Nxf3+ 17.Bxf3 f5 18.Rae1 c6 19.Nf4 Be5 20.c5 Qg5 21.exf5 Nxf5 22.Qb3+ Kh8
23.Rxe5 dxe5 24.Ne6 Bxe6 25.Bxe5+ Ng7 26.Qxe6 Rae8  0-1

[Event "Nice olm fin-C"]
[Site "Nice"]
[Date "1974.??.??"]
[Round "3"]
[White "Verduga, Denis Homero"]
[Black "Lim Kok Ann"]
[Result "1/2-1/2"]
[WhiteElo "2250"]
[BlackElo "2230"]

1.d4 Nf6 2.c4 g6 3.Nc3 Bg7 4.e4 d6 5.Be2 O-O 6.Nf3 e5 7.d5 Nbd7 8.Bg5 h6
9.Bh4 g5 10.Bg3 Nh5 11.h4 g4 12.Nd2 Nxg3 13.fxg3 h5 14.O-O Nf6 15.Bd3 Bh6
16.Qe2 Ne8 17.Rf2 Ng7 18.Raf1 f6 19.b4 a5 20.b5 b6 21.Nd1 Bd7 22.Ne3 Bxe3
23.Qxe3 Kh7 24.a4 Qe7 25.Re1 Rf7 26.Nf1 Raf8 27.Qd2 f5 28.exf5 Bxf5 29.Ne3 Bxd3
30.Rxf7 Rxf7 31.Qxd3+ Kg8 32.Qe4 Qf8 33.Rf1 Rxf1+ 34.Nxf1 Qf5 35.Qe2 Ne8
36.Kh2 Nf6 37.Ne3 Qe4 38.Qf2 Kf7 39.Nf5 Qd3 40.Kg1 Qd1+ 41.Kh2 Qd3 42.Kg1 Qxc4
43.Nh6+ Ke7 44.Nf5+ Kd8 45.Ng7  1/2-1/2

[Event "Nice olm prel"]
[Site "Nice"]
[Date "1974.??.??"]
[Round "4"]
[White "Petrosian, Tigran V"]
[Black "Freyre, Jorge"]
[Result "1-0"]
[WhiteElo "2640"]
[BlackElo "2200"]

1.d4 Nf6 2.c4 g6 3.Nc3 Bg7 4.e4 d6 5.Be2 O-O 6.Nf3 e5 7.d5 Bg4 8.Bg5 Bxf3
9.Bxf3 h6 10.Be3 Nbd7 11.h4 a6 12.h5 gxh5 13.Bxh5 Nc5 14.Bf3 Nh7 15.b4 Nd7
16.Bg4 Ng5 17.Bxg5 hxg5 18.Bf5 Re8 19.Qh5 Nf8 20.Nd1 Ng6 21.Bxg6 fxg6 22.Qxg6 Qf6
23.Qxf6 Bxf6 24.Ne3  1-0

[Event "Nice olm fin-A"]
[Site "Nice"]
[Date "1974.??.??"]
[Round "5"]
[White "Sosonko, Gennadi"]
[Black "Poutiainen, Pertti"]
[Result "1-0"]
[WhiteElo "2450"]
[BlackElo "2200"]

1.d4 Nf6 2.c4 g6 3.Nc3 Bg7 4.e4 d6 5.Be2 O-O 6.Nf3 e5 7.O-O Nbd7 8.Re1 c6
9.Rb1 Re8 10.d5 c5 11.Bf1 Rf8 12.a3 Ne8 13.b4 h6 14.g3 Kh7 15.Qc2 Nc7 16.Bd2 Na6
17.Nb5 Qe7 18.Nh4 Rd8 19.Ng2 Nf8 20.Ne3 Bd7 21.f4 Rdc8 22.Qd3 Kg8 23.Bg2 Nh7
24.Rf1 Rf8 25.Rf2 f6 26.Rbf1 Bc8 27.Qe2 exf4 28.gxf4 Re8 29.Qd3 Nf8 30.Re1 Qd8
31.Bc3 b6 32.Ref1 Qe7 33.e5 fxe5 34.fxe5 Bxe5 35.Rf7 Qxf7 36.Rxf7 Kxf7 37.Bxe5 Rxe5
38.Nxd6+ Kg8 39.Qc3 Re7 40.Qf6 Rg7 41.Ne8 Rf7 42.Qc3  1-0

[Event "Nice olm prel"]
[Site "Nice"]
[Date "1974.??.??"]
[Round "6"]
[White "Fye Chan, MF."]
[Black "Toran Albero, Roman"]
[Result "0-1"]
[WhiteElo "2200"]
[BlackElo "2420"]

1.Nf3 Nf6 2.c4 g6 3.Nc3 Bg7 4.d4 O-O 5.e4 d6 6.Be2 e5 7.dxe5 dxe5 8.Qc2 Qe7
9.O-O c6 10.Bd2 Na6 11.a3 Nc5 12.b4 Ne6 13.Rad1 Nd4 14.Qd3 Rd8 15.Bc1 Bg4
16.Qb1 Bxf3 17.Bxf3 Qe6 18.c5 Nxf3+ 19.gxf3 Qh3 20.Rd3 Rxd3 21.Qxd3 Ng4  0-1

[Event "Nice olm fin-B"]
[Site "Nice"]
[Date "1974.??.??"]
[Round "7"]
[White "Pytel, Krzysztof"]
[Black "Kristinsson, Jon"]
[Result "1/2-1/2"]
[WhiteElo "2405"]
[BlackElo "2344"]

1.d4 Nf6 2.c4 g6 3.Nc3 Bg7 4.e4 d6 5.Be2 O-O 6.Nf3 e5 7.O-O Nbd7 8.Re1 exd4
9.Nxd4 Nc5 10.Bf1 Re8 11.f3 a5 12.Ndb5 Be6 13.Bg5 h6 14.Be3 Qe7 15.Qd2 Kh7
16.Rad1 Red8 17.Qf2 Na6 18.Nd5 Bxd5 19.cxd5 c6 20.dxc6 bxc6 21.Nd4 Qb7 22.Nb3 Nb4
23.a3 a4 24.Na5 Rxa5 25.Bb6 Raa8 26.Bxd8 Rxd8 27.axb4 Qxb4 28.Rd4 Qb3 29.Rd3 Qb4
30.Rd4 Qb3 31.Rd3 Qb4  1/2-1/2

[Event "Nice olm fin-A"]
[Site "Nice"]
[Date "1974.??.??"]
[Round "10"]
[White "Schmid, Lothar"]
[Black "Hort, Vlastimil"]
[Result "1/2-1/2"]
[WhiteElo "2550"]
[BlackElo "2600"]

1.Nf3 g6 2.e4 d6 3.c4 Bg7 4.d4 Nf6 5.Nc3 O-O 6.Be2 e5 7.O-O Nbd7 8.dxe5 dxe5
9.Be3 Ng4 10.Bg5 f6 11.Bd2 c6 12.b4 a5 13.a3 b6 14.Qb3 Kh8 15.Rad1 Qe7 16.Rfe1 Bh6
17.h3 Bxd2 18.Rxd2 Nh6 19.Red1 Nf7 20.Na4 axb4 21.axb4 Kg7 22.c5 bxc5 23.bxc5 Nxc5
24.Nxc5 Qxc5 25.Rc2 Qe7 26.Rxc6 Bb7 27.Re6 Qc7 28.Qb4 Rfe8 29.Rxe8 Rxe8 30.Nh2 Ng5
31.f3 Bc8 32.Qe1 Ne6 33.Rc1 Qb6+ 34.Kh1 Nf4 35.Bf1 Be6 36.Rb1 Qa7 37.Ra1 Qc7
38.Rc1 Qd6 39.Qa5 Re7 40.Qc5 Qxc5 41.Rxc5 Ra7 42.Rc2 h5 43.h4 Bf7 44.Kg1 Ne6
45.Kf2 Nd4 46.Rb2 g5 47.hxg5 fxg5 48.Be2 Ra1 49.Nf1 Nxe2 50.Rxe2 Bc4 51.Re1 Ra2+
52.Kg1 Bxf1 53.Rxf1  1/2-1/2

[Event "Nice olm fin-A"]
[Site "Nice"]
[Date "1974.??.??"]
[Round "10"]
[White "Ree, Hans"]
[Black "Cooper, John Grantley"]
[Result "1-0"]
[WhiteElo "2425"]
[BlackElo "2215"]

1.Nf3 Nf6 2.c4 g6 3.Nc3 Bg7 4.e4 d6 5.d4 O-O 6.Be2 e5 7.d5 a5 8.Bg5 h6 9.Bh4 Na6
10.O-O Qd7 11.Nd2 Nh7 12.f3 h5 13.Bf2 Bh6 14.Rb1 Qe7 15.a3 Qg5 16.Be1 Nc5
17.Nb5 f5 18.Nxc7 fxe4 19.fxe4 Bh3 20.Bf3 Rac8 21.Nb5 Nd3 22.Nxd6 Rcd8 23.c5 Nf6
24.N2c4 Nf4 25.Bg3 Ng4 26.gxh3 Nxh3+ 27.Kh1 h4 28.Bxg4 hxg3 29.Bxh3 Rf2 30.Rxf2 gxf2
31.Qg4  1-0

[Event "Nice olm fin-C"]
[Site "Nice"]
[Date "1974.??.??"]
[Round "11"]
[White "Onat, Ilhan"]
[Black "Silva Sanchez, Carlos"]
[Result "1-0"]
[WhiteElo "2335"]
[BlackElo "2395"]

1.d4 Nf6 2.c4 g6 3.Nc3 Bg7 4.e4 d6 5.Be2 O-O 6.Nf3 e5 7.Be3 Qe7 8.dxe5 dxe5
9.Nd5 Nxd5 10.cxd5 c6 11.d6 Qd8 12.O-O h6 13.Bc4 Bg4 14.h3 Bxf3 15.Qxf3 Qxd6
16.Rad1 Qe7 17.Rd3 Kh7 18.Rfd1 b5 19.Bb3 a5 20.a4 Bf6 21.Bc5 Qxc5 22.Qxf6 Ra7
23.Qd6  1-0

[Event "Nice olm fin-B"]
[Site "Nice"]
[Date "1974.??.??"]
[Round "12"]
[White "Wirthensohn, Heinz"]
[Black "Teboudi, K."]
[Result "1-0"]
[WhiteElo "2340"]
[BlackElo "2200"]

1.Nf3 Nf6 2.c4 g6 3.Nc3 Bg7 4.e4 d6 5.d4 O-O 6.Be2 Nbd7 7.O-O e5 8.Be3 Re8
9.Qc2 c6 10.Rad1 Qc7 11.Rfe1 h6 12.h3 b6 13.b4 Bb7 14.Bf1 Rad8 15.Rd2 d5
16.Nxe5 Nxe5 17.dxe5 Nxe4 18.Nxe4 dxe4 19.Rxd8 Qxd8 20.Rd1 Qe7 21.Qxe4 c5
22.Qc2 Qxe5 23.bxc5 bxc5 24.Qa4 a6 25.Bxc5 Qe4 26.Qd7 Bc6 27.Qd3 Qxd3 28.Bxd3 Re5
29.Bd4 Rg5 30.Bf1 Ra5 31.Bxg7 Kxg7 32.Rd2 Be4 33.Rb2 h5 34.f3 Bf5 35.g4 Be6
36.Kf2 Rc5 37.Ke3 Kf6 38.Kd4 Ra5 39.Rc2 Ra3 40.Bg2 Ra5 41.Bf1 Kg5 42.c5 Ra4+
43.Ke5 Kh4 44.c6 Ra5+ 45.Kd4 Rxa2 46.Rxa2 Bxa2 47.Bc4  1-0

[Event "Nice olm fin-B"]
[Site "Nice"]
[Date "1974.??.??"]
[Round "12"]
[White "Kolbak, Jens"]
[Black "Benoit, Michel"]
[Result "1-0"]
[WhiteElo "2200"]
[BlackElo "2280"]

1.Nf3 g6 2.d4 Bg7 3.c4 Nf6 4.Nc3 d6 5.e4 O-O 6.Be2 e5 7.d5 Nbd7 8.O-O Nc5
9.Qc2 a5 10.Ne1 Qe7 11.Bg5 h6 12.Bxf6 Bxf6 13.Nd3 Nxd3 14.Bxd3 Bg5 15.a3 b6
16.b4 f5 17.Nb5 f4 18.f3 Bh4 19.c5 Ba6 20.cxd6 cxd6 21.Rfc1 Rfc8 22.Qd2 Bxb5
23.Bxb5 Rxc1+ 24.Rxc1 axb4 25.Qxb4 Qd8 26.Rc6 Be7 27.Qc3 Rb8 28.Rc7 Bf8 29.Qc6 Qh4
30.Qd7  1-0